Corrective Justice / (Record no. 588455)

000 -LEADER
fixed length control field 00389nam a22001337a 4500
020 ## - INTERNATIONAL STANDARD BOOK NUMBER
International Standard Book Number 9780199660650
082 ## - DEWEY DECIMAL CLASSIFICATION NUMBER
Classification number 346.001
Author Mark WEI
100 ## - MAIN ENTRY--PERSONAL NAME
Personal name Weinrib, Ernest J.
245 ## - TITLE STATEMENT
Title Corrective Justice /
Statement of responsibility, etc. Ernest J. Weinrib
260 ## - PUBLICATION, DISTRIBUTION, ETC.
Place of publication, distribution, etc. United Kingdom :
Name of publisher, distributor, etc. Oxford University Press,
Date of publication, distribution, etc. 2016.
300 ## - PHYSICAL DESCRIPTION
Extent 352p. ;
Dimensions 24 cm.
942 ## - ADDED ENTRY ELEMENTS (KOHA)
Source of classification or shelving scheme
Koha item type Book
Holdings
Withdrawn status Lost status Source of classification or shelving scheme Damaged status Not for loan Permanent Location Current Location Shelving location Date acquired Source of acquisition Full call number Barcode Date last seen Price effective from Koha item type
          NUST Law School (NLS) NUST Law School (NLS) Law 03/01/2022 Allied Book Company 346.001 WEI CL-1002 03/01/2022 03/01/2022 Book
© 2023 Central Library, National University of Sciences and Technology. All Rights Reserved.